Statistiques concernant Fromages qui portent le nom d'une commune

Cliquez ici pour prendre le quiz!

Statistiques générales

  • Ce quiz a été pris 103 fois
  • Le résultat moyen est 4 sur 10

Statistiques - réponses

DépartementCommune/fromage% Correct
OrneCamembert
86%
NordMaroilles
61%
Puy-de-DômeSaint-Nectaire
49%
SavoieBeaufort
46%
JuraMorbier
34%
Seine-et-MarneCoulommiers
33%
CalvadosPont l'évêque
32%
Haute-SavoieAbondance
31%
LotRocamadour
27%
IsèreSaint-Marcellin
25%

Distribution des résultats

Percentile par nombre de réponses

% des personnes avec chaque résultat

Votre développement - résultats

Vous n’avez pas pris ce quiz